[Event "Praia op 1st"]
[Site "Praia a Mare"]
[Date "2007.04.05"]
[Round "1"]
[White "Valotta, Massimiliano"]
[Black "Magli, Francesco"]
[Result "1-0"]
[WhiteElo "1889"]
[BlackElo "1479"]
[PlyCount "59"]
[EventDate "2007.04.05"]
[EventType "swiss"]
[EventRounds "5"]
[EventCountry "ITA"]
[SourceTitle "EXT 2023"]
[Source "ChessBase"]
[SourceDate "2022.10.05"]
[SourceVersion "1"]
[SourceVersionDate "2022.10.05"]
[SourceQuality "1"]

1. e4 d6 2. Nf3 e5 3. d4 Be7 4. Bc4 Bg4 5. dxe5 dxe5 6. Qxd8+ Bxd8 7. Nxe5 Be6 8. Bxe6 fxe6 9. 0-0 Nf6 10. Nc3 0-0 11. f3 Nbd7 12. Nxd7 Nxd7 13. Be3 Be7 14. Nb5 c5 15. Nc7 Rac8 16. Nxe6 Rf6 17. Nf4 Bd6 18. Nd5 Rf7 19. Rad1 Be5 20. c3 Nf6 21. Nxf6+ Bxf6 22. f4 h6 23. e5 Bd8 24. Bxc5 Rxc5 25. Rxd8+ Kh7 26. e6 Re7 27. f5 Re5 28. c4 Re2 29. Rfd1 Rc7 30. b3 1-0

[Event "CS Province-ch"]
[Site "Amantea"]
[Date "2007.01.07"]
[Round "5"]
[White "Magli, Francesco"]
[Black "Rametta, Marcello"]
[Result "0-1"]
[WhiteElo "1440"]
[BlackElo "1792"]
[PlyCount "58"]
[EventDate "2007.01.05"]
[EventType "swiss"]
[EventRounds "5"]
[EventCountry "ITA"]
[SourceTitle "EXT 2010"]
[Source "ChessBase"]
[SourceDate "2010.11.25"]
[SourceVersion "1"]
[SourceVersionDate "2010.11.25"]
[SourceQuality "1"]

1. e4 c5 2. Nf3 Nc6 3. d4 cxd4 4. Nxd4 e6 5. Nxc6 bxc6 6. Nc3 Bb4 7. Bd2 Ne7 8. a3 Ba5 9. Bd3 Bb7 10. 0-0 d5 11. f3 Bb6+ 12. Kh1 0-0 13. e5 c5 14. b3 Rc8 15. Bg5 Qc7 16. f4 c4 17. Qg4 cxd3 18. Bh6 Nf5 19. Bxg7 Nxg7 20. Nb5 Qd7 21. Nd6 Rxc2 22. f5 f6 23. fxe6 Qxe6 24. Nf5 Rf7 25. Nh6+ Kf8 26. Qxe6 Nxe6 27. Nxf7 Kxf7 28. Rxf6+ Ke7 29. Raf1 Nd8 0-1